000 00457nam a22001817a 4500
003 MPLRDC
005 20220104154743.0
008 210129b ||||| |||| 00| 0 eng d
020 _a957-0444-61-4
082 _a411.1 GHS v.1
100 _a耿洪森主编
245 _a向百岁进军: 第一部
_c
250 _a初版
260 _a台湾
_b胜景文化事业有限公司
_c2001
300 _b
650 _a健康法
942 _cBK
_o411.1 GHS v.1
999 _c54141
_d54131